ТIадегIанал цIваби (Запись № 11788418)

Подробности
000 -МАРКЕР
контрольное поле 01875nam0a2200361 4500
001 - ИДЕНТИФИКАТОР ЗАПИСИ
контрольное поле RU\NLR\BIBL_A\011783374
005 - ИДЕНТИФИКАТОР ВЕРСИИ
контрольное поле 20260531070548.0
035 ## - ДРУГИЕ СИСТЕМНЫЕ НОМЕРА
Идентификатор записи (NLR Aleph) 011783374
100 ## - ДАННЫЕ ОБЩЕЙ ОБРАБОТКИ
Данные общей обработки 20180906d1973 |||y0rusy50 ca
101 0# - ЯЗЫК РЕСУРСА
Язык текста, звукозаписи и т.д. аварский
-- русский
-- даргинский
-- кумыкский
-- лакский
-- лезгинский
-- табасаранский
-- татский
102 ## - СТРАНА ПУБЛИКАЦИИ ИЛИ ПРОИЗВОДСТВА
Страна публикации Российская Федерация
105 ## - ПОЛЕ КОДИРОВАННЫХ ДАННЫХ: ТЕКСТОВЫЕ МАТЕРИАЛЫ, МОНОГРАФИЧЕСКИЕ
Кодированные данные о монографическом текстовом документе ca z 000gy
200 1# - ЗАГЛАВИЕ И СВЕДЕНИЯ ОБ ОТВЕТСТВЕННОСТИ
Основное заглавие ТIадегIанал цIваби
Параллельное заглавие Высокие звезды
-- Ахъти зубарти
-- Бийик юлдузлар
-- Бюхттулсса цIуртти
-- Кьакьан гъетер
-- Бийик юлдузлар
-- Ягъал хядар
-- Буьлуьнде астарагъо
Первые сведения об ответственности Расул ХIамзатов
Последующие сведения об ответственности [сост. Сиражутдин Хайбуллаев
-- пер. Н. Гребнев и др.]
Язык параллельного заглавия русский
-- даргинский
-- кумыкский
-- лакский
-- лезгинский
-- табасаранский
-- ногайский
-- татский
210 ## - ПУБЛИКАЦИЯ, РАСПРОСТРАНЕНИЕ И ДР.
Место издания, распространения и т.д. Махачкала
Имя издателя, распространителя и т. д. Даг. кн. изд-во
Дата издания, распространения и т.д. 1973
215 ## - ФИЗИЧЕСКАЯ ХАРАКТЕРИСТИКА
Специфическое обозначение материала и объем 792,[1] с.
Другие сведения о физической характеристике портр., ил.
Размеры 18
300 ## - ОБЩИЕ ПРИМЕЧАНИЯ
Текст примечания Текст на авар., рус., дарг., кумык., лак., лезг., табас., ног., тат. яз.
510 1# - ПАРАЛЛЕЛЬНОЕ ЗАГЛАВИЕ
Параллельное заглавие Ахъти зубарти
Язык заглавия даргинский
510 1# - ПАРАЛЛЕЛЬНОЕ ЗАГЛАВИЕ
Параллельное заглавие Бийик юлдузлар
Язык заглавия кумыкский
-- ногайский
510 1# - ПАРАЛЛЕЛЬНОЕ ЗАГЛАВИЕ
Параллельное заглавие Бюхттулсса цIуртти
Язык заглавия лакский
510 1# - ПАРАЛЛЕЛЬНОЕ ЗАГЛАВИЕ
Параллельное заглавие Кьакьан гъетер
Язык заглавия лезгинский
510 1# - ПАРАЛЛЕЛЬНОЕ ЗАГЛАВИЕ
Параллельное заглавие Ягъал хядар
Язык заглавия табасаранский
510 1# - ПАРАЛЛЕЛЬНОЕ ЗАГЛАВИЕ
Параллельное заглавие Буьлуьнде астарагъо
Язык заглавия татский
510 1# - ПАРАЛЛЕЛЬНОЕ ЗАГЛАВИЕ
Параллельное заглавие Высокие звезды
Язык заглавия русский
541 1# - ПЕРЕВОД ЗАГЛАВИЯ, СДЕЛАННЫЙ КАТАЛОГИЗАТОРОМ
Связь между полями z01790
Заглавие Высокие звезды
Язык заглавия русский
686 1# - ИНДЕКСЫ ДРУГИХ КЛАССИФИКАЦИЙ
Индекс Ш6(2=Ав)7-5
700 #1 - ИМЯ ЛИЦА - ПЕРВИЧНАЯ ОТВЕТСТВЕННОСТЬ
Начальный элемент ввода ХIамзатов
Часть имени, кроме начального элемента ввода Р.
Даты 1923-2003
Расширение инициалов личного имени Расул
Код отношения Автор
702 #1 - ИМЯ ЛИЦА - ВТОРИЧНАЯ ОТВЕТСТВЕННОСТЬ
Начальный элемент ввода Гребнев
Часть имени, кроме начального элемента ввода Н. И.
Даты 1921-1988
Расширение инициалов личного имени Наум Исаевич
Код отношения Переводчик
790 #1 - ИМЯ ЛИЦА - АЛЬТЕРНАТИВНАЯ ФОРМА
Код отношения Автор
Графика поля Кириллица
Материалы, к которым относится поле rus
Начальный элемент ввода Гамзатов
Часть имени, кроме начального элемента ввода Р. Г.
Даты 1923-2003
Расширение инициалов личного имени Расул Гамзатович
Системный номер авторитетной/нормативной записи 14158
Идентификатор авторитетной/нормативной записи RU\NLR\AUTH\7731147
852 ## - МЕСТОНАХОЖДЕНИЕ И ШИФР ХРАНЕНИЯ
Идентификатор организации NLR
Наименование фонда или коллекции (Sub-Location Identifier) ОНЛ
Шифр хранения (Call Number) Авар./2-899
942 ## - ДОПОЛНИТЕЛЬНЫЕ ЭЛЕМЕНТЫ ЗАПИСИ (АБИС)
Тип экземпляра АБИС Книга
980 ## - КОЛЛЕКЦИЯ
Название коллекции Национальная библиография
Экземпляры
Тип экземпляра Дата поступления Библиотека постоянного хранения Библиотека текущего хранения Место хранения Шифр хранения Штрих-код Статус экземпляра
Книга 06.09.2018 РНБ (Московский) РНБ (Московский) Фонд национальных литератур ОНЛ Авар./2-899 1-1431658